01228nam a2200277 a 450000100100000000500170001000800410002702000150006804000250008308200200010810000240012824500730015226000450022530000210027050000210029150000700031250000730038265000310045565000350048665000330052104900090055495201320056395201170069595201230081299900150093500000851220240412074207.0090917s2006 dr 001 0 spa d a9945410040 aDO-SdBNPbspacBNPHU aRD860.44bT266m1 aTejada, Rita92284110aMujeres, Eros y Tánatos en el romancero dominicano /cRita Tejada. aSanto Domingo :bLetra Gráfica,c2006. a158 p. ;c23 cm. aIncluye índice aIncluye datos biográficos del autor en la solapa de la cubierta aIncluye referencias bibliográficas y notas al pie de las páginas 0aLiteratura dominicana.967 4aMujeres en la literatura91388 4aAmor en la literatura922842 aBNPD 001054708DSaGRbGRcCTd2009-09-17iLF1l0oRD860.44 T266mp8512-30r2020-06-25te. 3w2020-06-25yLFDSZPréstamo en sala 0010718PDaPDbPDcCTd2009-09-17iLF1l0oRD860.44 T266mp8512-10r2020-06-25w2020-06-25yLFPDZNo se presta 0010718PDaPDbPDcCTd2009-09-17iLF1l0oRD860.44 T266mp8512-20r2020-06-25te. 2w2020-06-25yLFPDZNo se presta c8282d8282